| 000 | 00567nam a2200229Ia 4500 | ||
|---|---|---|---|
| 003 | OSt | ||
| 005 | 20220909111537.0 | ||
| 008 | 210210b2001 xxu||||| |||| 00| 0 eng d | ||
| 020 | _a81 7014 377 2 | ||
| 040 | _cAL | ||
| 041 | _aEnglish | ||
| 082 | _a651.7 PALE | ||
| 100 |
_aPAL (Rajendra) _956852 |
||
| 245 | _aEssentials of business communication | ||
| 250 | _a8 | ||
| 260 |
_aND _bSultan Chand & Sons _c2001 |
||
| 300 | _aEW56,27 | ||
| 690 |
_aBusiness Communication _956853 |
||
| 700 |
_aKORLAHALLI (J S). _956854 |
||
| 906 | _a056256 | ||
| 942 |
_2ddc _cBK |
||
| 999 |
_c103650 _d103650 |
||